[Event "COL-ch U17"]
[Site "Villavicencio"]
[Date "2013.11.29"]
[Round "3.1"]
[White "Olarte Parra, Jhoan Sebastian"]
[Black "Villegas Villada, Sebastian"]
[Result "1-0"]
[WhiteElo "1924"]
[BlackElo "1669"]
[PlyCount "65"]
[EventDate "2013.11.28"]
[EventType "swiss"]
[EventRounds "6"]
[EventCountry "COL"]
[SourceTitle "EXT 2024"]
[Source "ChessBase"]
[SourceDate "2023.10.10"]
[SourceVersion "1"]
[SourceVersionDate "2023.10.10"]
[SourceQuality "1"]

1. e4 c5 2. Nf3 d6 3. c4 Nc6 4. Nc3 g6 5. d4 cxd4 6. Nxd4 Bg7 7. Be3 Nf6 8. Be2 0-0 9. 0-0 a6 10. Kh1 Qc7 11. Rc1 Nxd4 12. Bxd4 Be6 13. b3 Bd7 14. Bxf6 Bxf6 15. Nd5 Qa5 16. Nxf6+ exf6 17. Rc2 Qe5 18. Rd2 Bc6 19. f4 Qxe4 20. Bf3 Qe8 21. Rxd6 Bxf3 22. Qxf3 Qe7 23. Rfd1 Rfe8 24. h3 Rab8 25. c5 f5 26. Qc3 Qe2 27. Qd2 Qb5 28. b4 Re4 29. Qc3 Rbe8 30. R6d4 Qe2 31. Rd8 Rxf4 32. Rxe8+ Qxe8 33. Qf6 1-0

[Event "Bogota IRT Categoria B U17"]
[Site "Bogota"]
[Date "2013.10.23"]
[Round "3.6"]
[White "Castro, Jairo Antonio"]
[Black "Villegas Villada, Sebastian"]
[Result "1-0"]
[WhiteElo "1909"]
[BlackElo "1631"]
[PlyCount "101"]
[EventDate "2013.10.22"]
[EventType "swiss"]
[EventRounds "5"]
[EventCountry "COL"]
[SourceTitle "EXT 2024"]
[Source "ChessBase"]
[SourceDate "2023.10.10"]
[SourceVersion "1"]
[SourceVersionDate "2023.10.10"]
[SourceQuality "1"]

1. e4 c5 2. Nf3 d6 3. d4 cxd4 4. Nxd4 Nf6 5. Nc3 g6 6. Be3 Bg7 7. f3 a6 8. Bc4 b5 9. Bb3 Qc7 10. 0-0 Bb7 11. Qd2 Nc6 12. Rae1 0-0 13. a4 Nxd4 14. Bxd4 b4 15. Nd5 Bxd5 16. exd5 a5 17. Re2 Rfe8 18. Rfe1 Rac8 19. Kh1 Nh5 20. Re4 Qd7 21. c4 Bxd4 22. Qxd4 Ng7 23. Qb6 Rc5 24. Bc2 Kf8 25. b3 Nh5 26. Rd1 Ra8 27. Rde1 Re8 28. Rd1 Nf6 29. Re3 Ra8 30. Rde1 Ng8 31. g4 Qe8 32. f4 Rb8 33. Qa7 Ra8 34. Qb6 Rb8 35. Qa7 Ra8 36. Qb6 Qd7 37. f5 Re8 38. Rf3 Kg7 39. Ref1 Rf8 40. h4 Nf6 41. Rf4 Qc8 42. Bd3 Nd7 43. Qa7 Ne5 44. Bb1 f6 45. Qxe7+ Rf7 46. Qxd6 Qc7 47. Qxc7 Rfxc7 48. fxg6 hxg6 49. Rxf6 Re7 50. g5 Ng4 51. Rxg6+ 1-0

[Event "COL Intercollegiate U14"]
[Site "Zipaquira"]
[Date "2010.09.07"]
[Round "5"]
[White "Villegas Villada, Sebastian"]
[Black "Villarreal Gongora, Jorge A"]
[Result "0-1"]
[WhiteElo "1500"]
[BlackElo "1905"]
[PlyCount "84"]
[EventDate "2010.09.04"]
[EventType "swiss"]
[EventRounds "5"]
[EventCountry "COL"]
[SourceTitle "EXT 2024"]
[Source "ChessBase"]
[SourceDate "2023.10.10"]
[SourceVersion "1"]
[SourceVersionDate "2023.10.10"]
[SourceQuality "1"]

1. e4 c6 2. d4 d5 3. exd5 cxd5 4. Nf3 Nc6 5. Nc3 Nf6 6. Be2 Bg4 7. 0-0 e6 8. Re1 Be7 9. Be3 0-0 10. a3 a6 11. Qd3 Qc7 12. Bg5 Rfe8 13. Nd1 h6 14. Bxf6 Bxf6 15. c3 Bf5 16. Qd2 Na5 17. Qe3 Nb3 18. Rc1 Nxc1 19. Qxc1 Rad8 20. Ne3 Bg6 21. Ng4 Qe7 22. Qf4 Bg5 23. Qg3 Bf6 24. Qf4 b5 25. Bf1 Be4 26. Nfe5 Bxe5 27. Nxe5 Qf6 28. Qg3 Qg5 29. Qh3 f6 30. Ng4 Bf5 31. Be2 h5 32. Nxf6+ gxf6 33. Qxh5 Qxh5 34. Bxh5 Re7 35. g4 Bxg4 36. Bxg4 Rg7 37. f3 f5 38. Rxe6 fxg4 39. f4 Rf8 40. Rxa6 Rxf4 41. Rb6 g3 42. h3 g2 0-1